书目信息 |
| 题名: |
神秘的宇宙
|
|
| 作者: | 科舒尔尼科娃 著 ;徐荣乐 译 | |
| 分册: | ||
| 出版信息: | 北京 北京体育学院出版社 1989.8 |
|
| 页数: | 169页 | |
| 开本: | 19cm | |
| 丛书名: | ||
| 单 册: | ||
| 中图分类: | V4-49 , I121 | |
| 科图分类: | ||
| 主题词: | 文学--作品集--普及读物--世界 | |
| 电子资源: | ||
| ISBN: | 7-81003-265-8 | |
| 000 | 00859nam0 2200253 450 | |
| 001 | 1549007044 | |
| 005 | 20150120134015.70 | |
| 010 | @a7-81003-265-8@dCNY2.60 | |
| 100 | @a20130329d1989 m y0chiy0110 ea | |
| 101 | 1 | @achi@crus |
| 102 | @aCN@b110000 | |
| 105 | @ay z 000yy | |
| 200 | 1 | @a神秘的宇宙@9shen mi de yu zhou@f(苏)科舒尔尼科娃著@g徐荣乐译 |
| 210 | @a北京@c北京体育学院出版社@d1989.8 | |
| 215 | @a169页@d19cm | |
| 300 | @a著者原题:里·维·科舒尔尼科娃 | |
| 330 | @a本书是通俗的儿童科普读物。全书寓科学知识于故事之中,用对话和童话的形式,向孩子们讲述有关天文、物理及宇宙航行的各种科学知识。 | |
| 606 | 0 | @a文学@x作品集@x普及读物@x世界 |
| 690 | @aV4-49@v1980 | |
| 690 | @aI121@v4 | |
| 701 | 0 | @a科舒尔尼科娃@9ke shu er ni ke wa@b里·维·@4著 |
| 702 | 0 | @a徐荣乐@9xu rong le@4译 |
| 801 | 0 | @aCN@bTSSF@c20150120 |
| 905 | @aZUCC@dI121@eJY67 | |
| 神秘的宇宙/(苏)科舒尔尼科娃著/徐荣乐译.-北京:北京体育学院出版社,1989.8 |
| 169页;19cm |
| 著者原题:里·维·科舒尔尼科娃 |
| ISBN 7-81003-265-8:CNY2.60 |
| 本书是通俗的儿童科普读物。全书寓科学知识于故事之中,用对话和童话的形式,向孩子们讲述有关天文、物理及宇宙航行的各种科学知识。 |
| ● |
| 相关链接 |
|
|
|
|
正题名:神秘的宇宙
索取号:I121/JY67
 
预约/预借
| 序号 | 登录号 | 条形码 | 馆藏地/架位号 | 状态 | 备注 |
| 1 | 7849391 | 278493916 | 学院路分馆/ [索取号:I121/JY67] | 在馆 |